LEADER 01077nam a22003015i 4500 001 991002254899707536 007 cr nn 008mamaa 008 121227s1997 de | s |||| 0|eng d 020 $a9783540695981 035 $ab14145285-39ule_inst 040 $aBibl. Dip.le Aggr. Matematica e Fisica - Sez. Matematica$beng 082 04$a512.44$223 084 $aAMS 13-XX 084 $aAMS 13C10 100 1 $aMandal, Satya$061865 245 10$aProjective modules and complete intersections$h[e-book] /$cby Satya Mandal 260 $aBerlin :$bSpringer,$c1997 300 $a1 online resource (viii, 124 p.) 440 0$aLecture Notes in Mathematics,$x0075-8434 ;$v1672 650 0$aMathematics 650 0$aAlgebra 773 0 $aSpringer eBooks 856 40$uhttp://dx.doi.org/10.1007/BFb0093556$zAn electronic book accessible through the World Wide Web 907 $a.b14145285$b03-03-22$c05-09-13 912 $a991002254899707536 996 $aProjective modules and complete intersections$978090 997 $aUNISALENTO 998 $ale013$b05-09-13$cm$d@ $e-$feng$gde $h0$i0 LEADER 01278nam0 22002771i 450 001 UON00401325 005 20231205104657.636 100 $a20111128d1932 |0itac50 ba 101 $ager 102 $aDE 105 $a|||| 1|||| 200 1 $aˆDas ‰Johannes-Verständnis im zweiten Jahrhundert$fvon W. von Loewenich 210 $aGießen$cAlfred Töpelmann$d1932 215 $aVIII, 168 p.$d24 cm. 410 1$1001UON00087901$12001 $aBeihefte zur Zeitschrift fur die neutestamentliche Wissenschaft und die Kunde der alteren Kirche$fHerausgegeben von Erich Grasser$v13 606 $aNUOVO TESTAMENTO$xGIOVANNI$xCRITICA$3UONC027416$2FI 620 $aDE$dGiessen$3UONL000777 676 $a220.4$cBIBBIA. Testi, versioni, traduzioni. Studio critico della lingua e dello stile$v21 700 1$aLOEWENICH$bWalther : von$3UONV206004$0205555 712 $aTopelmann$3UONV248343$4650 801 $aIT$bSOL$c20240220$gRICA 899 $aSIBA - SISTEMA BIBLIOTECARIO DI ATENEO$2UONSI 912 $aUON00401325 950 $aSIBA - SISTEMA BIBLIOTECARIO DI ATENEO$dSI SL FL 36 0021 $eSI SL 878 5 0021 $sDeteriorato 996 $aJohannes-Verständnis im zweiten Jahrhundert$91348206 997 $aUNIOR LEADER 01028nam0 22002531i 450 001 UON00022694 005 20231205102025.846 100 $a20020107d1963 |0itac50 ba 101 $aeng 102 $aGB 105 $a|||| 1|||| 200 1 $aˆThe ‰Boxer Uprising$eA Background Study$fVictor Purcell 210 $aCambridge$cAt the University Press$d1963 xiv$d349 p. 606 $aCINA$xSTORIA$xRIVOLTA BOXER$xDOCUMENTI$3UONC003744$2FI 620 $dCambridge$3UONL000022 686 $aCIN IV B$cCina - Storia moderna e contemporanea - Comunità cinesi nel mondo$2A 700 1$aPURCELL$bVictor$3UONV007273$0173735 712 $aCambridge University Press$3UONV245943$4650 801 $aIT$bSOL$c20250620$gRICA 899 $aSIBA - SISTEMA BIBLIOTECARIO DI ATENEO$2UONSI 912 $aUON00022694 950 $aSIBA - SISTEMA BIBLIOTECARIO DI ATENEO$dSI CIN IV B 346 $eSI MR 76180 5 346 996 $aBoxer Uprising$91199220 997 $aUNIOR